Chùa Bút Tháp: Kiến trúc/Điêu Khắc = Die Pagode But Thap: Architektur/Bildhauerei
Shranjeno v:
| Format: | Knjiga |
|---|---|
| Jezik: | Undetermined |
| Izdano: |
Hà Nội
Trung tâm Tu bổ di tích TW
1993
|
| Teme: | |
| Oznake: |
Označite
Brez oznak, prvi označite!
|
| Thư viện lưu trữ: | Trung tâm Học liệu Trường Đại học Cần Thơ |
|---|
| LEADER | 00514nam a2200157Ia 4500 | ||
|---|---|---|---|
| 001 | CTU_29783 | ||
| 008 | 210402s9999 xx 000 0 und d | ||
| 082 | |a 726.1 | ||
| 082 | |b Ch501 | ||
| 245 | 0 | |a Chùa Bút Tháp: Kiến trúc/Điêu Khắc | |
| 245 | 0 | |b = Die Pagode But Thap: Architektur/Bildhauerei | |
| 260 | |a Hà Nội | ||
| 260 | |b Trung tâm Tu bổ di tích TW | ||
| 260 | |c 1993 | ||
| 650 | |a pagodas - vietnam,temples, buddhist | ||
| 980 | |a Trung tâm Học liệu Trường Đại học Cần Thơ | ||